000 00405nam a2200157Ia 4500
003 OSt
005 20240311104524.0
008 170523s9999 xx 000 0 und d
020 _a978-8122402650
040 _ciimtu meerut
100 _aSINGH- BHANDARKER
245 0 _aCORPORATE SUCESS AND TRANSFORMATIONAL LEADERSHIP
260 _bNEW AGE INTERNATIONAL PUBLICATION
260 _c2003
942 _2ddc
_c02
999 _c1294
_d1294